000 00901nam a22002297a 4500
005 20180212122208.0
010 _a1718EN-30
020 _a9789332575295
_c849.00
035 _aB-684195-199
037 _bBSB
_adpl
082 _a658.404
100 _aShtub, Avraham
245 _aProject management:
_cby Avraham Shtub, Jonathan F Bard [and] Shlomo Globerson
_bprocesses, methodologies and economics /
250 _a2nd ed
260 _c2017
_aNoida
_bPearson India
270 _a15th Floor,, Tower-B, World Trade, Plot No.1, Block-C, Sector-16,
_bNoida
_e201301
300 _c23cm(pbk)
_a597p.
_bill.
700 _aBard, Jonathan F
700 _aGloberson, Shlomo
942 _cEN
_2ddc
_mSHT
_h658.404
999 _c145515
_d145515